000 01419nam a2200325 a 4500
001 000021682
003 DO-SdBNP
005 20260520104306.0
008 100910s1992 dr a 000 0 spa d
040 _aDO-SdBNP
_bspa
_cDO-SdBNP
082 _a327.7293
_bV635d 1992
100 1 _aVicioso Soto, Horacio
_923658
245 1 0 _aDiplomacia :
_bciencia y arte /
_cHorario Vicioso Soto ; prólogo: Armando Oscar Pacheco.
260 _aSanto Domingo :
_bAmigo del Hogar,
_c1992.
300 _a437 p. :
_bil. ;
_c22 cm.
500 _aIncluye referencias bibliográficas y notas al pie de las páginas
504 _aBibliografía : p. 409-411
505 2 _aTres etapas de la diplomacia - Órganos de las relaciones diplomáticas - Acción diplomática - Organizaciones internacionales -- Normas protocolares - Congresos y las conferencias internacionales - Concertación de tratados - Ceremonia de cancillería: formulario de la correspondencia.
590 _aInventariado, 2019/MFF
650 0 _aDiplomacia
_9398
650 0 _aRelaciones internacionales
_9399
650 0 _aTratados
_99456
650 0 _aOrganismos internacionales
_930389
650 0 _aDocumentos diplomáticos
_92999
651 _aRepública Dominicana
_xRelaciones exteriores
_xHistoria
_97665
700 _aPacheco, Armando Oscar
_epról.
_956584
910 _aVMate /Validado. Control de calidad MFF
942 _2ddc
_cLF1
956 _a
999 _c21181
_d21181